Bundesliga 2020/21: Trikotsponsoren - Statistiken

Allgemein
  • Dieses Quiz wurde 236 mal gespielt
  • Das Durchschnittsergebnis liegt bei 10 aus 18
Antwortstatistiken
Verein Sponsor % Korrekt
Bayern München Telekom
90%
RB Leipzig Red Bull
85%
VfL Wolfsburg Volkswagen
85%
Borussia Dortmund 1&1 / Evonik
82%
Schalke 04 Gazprom
77%
1. FC Köln Rewe
69%
TSG Hoffenheim SAP
66%
Werder Bremen Wiesenhof
61%
VfB Stuttgart Mercedes-Benz-Bank
56%
Eintracht Frankfurt Indeed
48%
Arminia Bielefeld Schüco
44%
Bayer Leverkusen Barmenia
39%
FC Augsburg WWK
39%
SC Freiburg Schwarzwaldmilch
37%
Mainz 05 Kömmerling
31%
Borussia M'gladbach Flatex
25%
Union Berlin Aroundtown
14%
Hertha BSC Homeday
5%
Keine übereinstimmenden Quizze gefunden
Verteilung der Resultate
Anzahl Personen mit jedem Resultat
Perzentil nach korrekt beantworteten Fragen
Ihre Resultats-Entwicklung
Sie haben dieses Quiz noch nicht gespielt